Mr. Blundevil his exercises (Record no. 113360)
[ view plain ]
| 000 -LEADER | |
|---|---|
| fixed length control field | 02031cam a22002175a 4500 |
| 001 - CONTROL NUMBER | |
| control field | L155164 |
| 008 - FIXED-LENGTH DATA ELEMENTS--GENERAL INFORMATION | |
| fixed length control field | 120307s1636 xxk f 000 0 eng d |
| 035 ## - SYSTEM CONTROL NUMBER | |
| System control number | (Sirsi) u155164 |
| 041 0# - LANGUAGE CODE | |
| Language code of text/sound track or separate title | eng |
| 100 1# - MAIN ENTRY--PERSONAL NAME | |
| Personal name | Blundeville, Thomas |
| Dates associated with a name | fl. 1561 |
| 245 00 - TITLE STATEMENT | |
| Title | Mr. Blundevil his exercises |
| Remainder of title | contayning eight treatises, the titles whereof are set down in the next printed page. Which treatises are very necessary to be read and learned of all young gentlemen, that have not been exercised in such disciplines, and yet are desirous to have knowledge as well in cosmographie, astronomie, and geographie, as also in the art of navigation, in which art it is impossible to profit without the help of these or such like instructions. To the furtherance of which art of navigation, the said Mr. Blundevil specially wrote the said treatises, and of meere good will doth dedicate the same to all young gentlemen of this realme |
| 250 ## - EDITION STATEMENT | |
| Edition statement | The seventh edition |
| Remainder of edition statement | corrected and somewhat enlarged by Ro. Hartwell philomathematicus |
| 260 ## - PUBLICATION, DISTRIBUTION, ETC. | |
| Place of publication, distribution, etc. | London |
| Name of publisher, distributor, etc. | Printed by Richard Bishop, and are to be sold by Benjamin Allen at the signe of the Flowerdeluce in Popes-head Alley |
| Date of publication, distribution, etc. | 1636 |
| 300 ## - PHYSICAL DESCRIPTION | |
| Extent | [7], 131, [2], 132-799, [1] p., 5 folded plates |
| Other physical details | ill., map |
| Dimensions | 4o |
| 520 ## - SUMMARY, ETC. | |
| Summary, etc. | "A briefe description of the tables of three speciall right lines belonging to a circle, called sines, tangents, and secants", "A plaine description of Mercator his two globes", "A plaine and full description of Petrus Plancius his universall map", "A very briefe and most plaine description of Mr Blagrave his astrolabe", and "A briefe description of universall maps and cards" each have separate dated title page; "A plaine treatise of the first principles of cosmography" and "A nevv and necessary treatise of navigation" each have separate title page; foliation and register are continuous. |
| 583 ## - ACTION NOTE | |
| Action | Condition reviewed |
| Time/date of action | 20120620 |
| Status | condition level 1 |
| 651 #4 - SUBJECT ADDED ENTRY--GEOGRAPHIC NAME | |
| Geographic name | Great Britain |
| Chronological subdivision | 1707- |
| 690 ## - LOCAL SUBJECT ADDED ENTRY--TOPICAL TERM (OCLC, RLIN) | |
| Topical term or geographic name as entry element | Measurement |
| 9 (RLIN) | 6256 |
| 700 1# - ADDED ENTRY--PERSONAL NAME | |
| Personal name | Hartwell, Robert |
| Relator term | ed. |
| 942 ## - ADDED ENTRY ELEMENTS (KOHA) | |
| Suppress in OPAC | 0 |
| Withdrawn status | Lost status | Source of classification or shelving scheme | Damaged status | Not for loan | Home library | Current library | Shelving location | Date acquired | Total Checkouts | Full call number | Barcode | Date last seen | Copy number | Price effective from | Koha item type |
|---|---|---|---|---|---|---|---|---|---|---|---|---|---|---|---|
| Dewey Decimal Classification | Historic collection | Historic collection | Historic collection | 07/03/2012 | OCTAVO 1636 BLUNDEVILLE | 30077662 | 06/08/2019 | 1 | 06/08/2019 | Book |